000 00481nam a2200181Ia 4500
001 16186
005 20260306170251.0
008 260306t2001||||xx |||||||||||||| ||und||
041 _aESP
082 _a347.3
_bC76
100 _aAlterini, Atilio Aníbal (dir)
_eAUT
245 0 _aContratación contemporánea:
_bcontratos modernos. Derecho del consumidor
260 _c2001
300 _a000 páginas :
_c00 cm.
650 _aGEN
654 _aCDE
942 _cLIB
_dJUS
_fJUS
_2ddc
_n
999 _c16186
_d16186